The World of the Microscope : (Record no. 5210)

MARC details
000 -LEADER
fixed length control field 01091nam a22003137a 4500
001 - CONTROL NUMBER
control field 5210
003 - CONTROL NUMBER IDENTIFIER
control field FISKH
005 - DATE AND TIME OF LATEST TRANSACTION
control field 20250827125951.0
008 - FIXED-LENGTH DATA ELEMENTS--GENERAL INFORMATION
fixed length control field 241119b cb ||||| |||| 00| 0 eng d
020 ## - INTERNATIONAL STANDARD BOOK NUMBER
International Standard Book Number 0590203495
040 ## - CATALOGING SOURCE
Original cataloging agency FISKH
Language of cataloging eng
Transcribing agency FISKH
Modifying agency FISKH
050 ## - LIBRARY OF CONGRESS CALL NUMBER
Classification number QH278
082 ## - DEWEY DECIMAL CLASSIFICATION NUMBER
Classification number 507
100 ## - MAIN ENTRY--PERSONAL NAME
Personal name Oxlade , Chris
245 ## - TITLE STATEMENT
Title The World of the Microscope :
Remainder of title A practical introduction with projects & activities /
Statement of responsibility, etc. by Chris Oxlad and Corinne Stockley
250 ## - EDITION STATEMENT
Edition statement First Scholastic printing, January 1995
260 ## - PUBLICATION, DISTRIBUTION, ETC.
Place of publication, distribution, etc. New York :
Name of publisher, distributor, etc. Scholastic ;
Date of publication, distribution, etc. 1989 .
300 ## - PHYSICAL DESCRIPTION
Extent 48 pages :
Other physical details color illustrations ;
Dimensions 25 cm .
490 ## - SERIES STATEMENT
Series statement Usborne Science & Experiments
505 ## - FORMATTED CONTENTS NOTE
Formatted contents note Z <br/>
520 ## - SUMMARY, ETC.
Summary, etc. Shows how to get the best from various types of microscopes, and suggests projects which reveal the detail of everyday objects.
521 8# - TARGET AUDIENCE NOTE
Target audience note 1050 <br/>
Source Lexile estimate <br/>
521 8# - TARGET AUDIENCE NOTE
Target audience note Z <br/>
Source Raz-Plus <br/>
650 ## - SUBJECT ADDED ENTRY--TOPICAL TERM
Topical term or geographic name entry element microscope
Form subdivision non-fiction
650 ## - SUBJECT ADDED ENTRY--TOPICAL TERM
Topical term or geographic name entry element science experiments
Form subdivision non-fiction
700 ## - ADDED ENTRY--PERSONAL NAME
Personal name Chen, Kuo Kang
Relator term illustrator
942 ## - ADDED ENTRY ELEMENTS (KOHA)
Source of classification or shelving scheme Dewey Decimal Classification
Koha item type Books
Suppress in OPAC No
Holdings
Withdrawn status Lost status Source of classification or shelving scheme Damaged status Not for loan Collection Home library Current library Shelving location Date acquired Total Checkouts Full call number Barcode Date last seen Price effective from Koha item type Copy number
    Dewey Decimal Classification     Non-Fiction Footprints International School Library Network Toul Tom Poung Campus Footprints International School Library Network Toul Tom Poung Campus TTP Secondary Non-Fiction Bookshelves 11/19/2024   OXL 507 QH278 FIS04761 11/19/2024 11/19/2024 Books  
    Dewey Decimal Classification     Non-Fiction Footprints International School Library Network Toul Tom Poung Campus Footprints International School Library Network Toul Tom Poung Campus TTP Secondary Non-Fiction Bookshelves 08/27/2025   OXL 507 QH278 FISSE00862 08/27/2025 08/27/2025 Books 2